[Event "Natal Potiguar op"]
[Site "Natal"]
[Date "2013.07.05"]
[Round "1"]
[White "De Almeida, Valdemiza Gurgel"]
[Black "De Sousa, Leonardo Santos"]
[Result "0-1"]
[WhiteElo "1384"]
[BlackElo "2058"]
[PlyCount "56"]
[EventDate "2013.07.05"]
[EventType "swiss"]
[EventRounds "6"]
[EventCountry "BRA"]
[SourceTitle "EXT 2014"]
[Source "ChessBase"]
[SourceDate "2013.11.20"]
[SourceVersion "1"]
[SourceVersionDate "2013.11.20"]
[SourceQuality "1"]

1. e4 c6 2. Nc3 d5 3. d3 dxe4 4. d4 Nf6 5. Be3 Bf5 6. g3 e6 7. a3 Bd6 8. Bg2 Nbd7 9. Nge2 Qc7 10. Qd2 Nb6 11. b3 0-0-0 12. 0-0 h6 13. h3 Kb8 14. a4 a6 15. a5 Nbd7 16. Na4 Nd5 17. c4 Bb4 18. Nac3 Nxe3 19. Qxe3 Bxc3 20. Nxc3 Nf6 21. b4 Qd6 22. b5 Qxd4 23. Qxd4 Rxd4 24. bxa6 bxa6 25. Rfb1+ Ka7 26. Rb4 c5 27. Rba4 Rb8 28. Kh2 Rb4 0-1

[Event "Fortaleza Alves memorial 17th"]
[Site "Fortaleza"]
[Date "2013.05.18"]
[Round "4"]
[White "De Sousa, Leonardo Santos"]
[Black "Santos, Antonio Inacio Dos"]
[Result "1-0"]
[WhiteElo "1790"]
[BlackElo "2072"]
[PlyCount "93"]
[EventDate "2013.05.17"]
[EventType "swiss"]
[EventRounds "6"]
[EventCountry "BRA"]
[SourceTitle "CBM 154 Extra"]
[Source "ChessBase"]
[SourceDate "2013.06.25"]
[SourceVersion "2"]
[SourceVersionDate "2013.06.25"]
[SourceQuality "1"]

1. Nf3 Nf6 2. c4 g6 3. Nc3 Bg7 4. e4 d6 5. d4 0-0 6. Be2 e5 7. 0-0 Nc6 8. d5 Ne7 9. Ne1 Ne8 10. Be3 f5 11. f3 f4 12. Bf2 g5 13. g4 b6 14. b4 a5 15. a3 axb4 16. axb4 Bd7 17. Nd3 Nf6 18. h3 Rxa1 19. Qxa1 Qa8 20. Qb2 Qb7 21. Ra1 Ra8 22. Ra3 Nc8 23. c5 bxc5 24. Rxa8 Qxa8 25. bxc5 Ne7 26. c6 Bc8 27. Nb4 Qa5 28. Nb5 Kf7 29. Qa3 Qxa3 30. Nxa3 Ke8 31. Ba6 Bxa6 32. Nxa6 Kd8 33. Ba7 Nexd5 34. exd5 Nxd5 35. Nb5 Ne7 36. Naxc7 Nxc6 37. Ne6+ Kc8 38. Nxg7 Kb7 39. Bf2 d5 40. Ne6 h6 41. Nc5+ Kb8 42. Kf1 e4 43. fxe4 dxe4 44. Nxe4 Ne5 45. Bd4 Nc4 46. Bg7 Ne3+ 47. Kf2 1-0

[Event "Fortaleza Alves memorial 17th"]
[Site "Fortaleza"]
[Date "2013.05.17"]
[Round "2"]
[White "De Sousa, Leonardo Santos"]
[Black "Rocha, Vitor Firmo de Souz"]
[Result "1-0"]
[WhiteElo "1790"]
[BlackElo "2009"]
[PlyCount "131"]
[EventDate "2013.05.17"]
[EventType "swiss"]
[EventRounds "6"]
[EventCountry "BRA"]
[SourceTitle "CBM 154 Extra"]
[Source "ChessBase"]
[SourceDate "2013.06.25"]
[SourceVersion "2"]
[SourceVersionDate "2013.06.25"]
[SourceQuality "1"]

1. Nf3 f5 2. c4 Nf6 3. Nc3 g6 4. g3 Bg7 5. Bg2 0-0 6. 0-0 Nc6 7. d4 d6 8. Ne1 e5 9. d5 Na5 10. b3 e4 11. Be3 Ng4 12. Bd4 Ne5 13. Qd2 Qe7 14. Nc2 b6 15. f3 exf3 16. exf3 Bf6 17. f4 Ng4 18. Rae1 Qg7 19. h3 Nh6 20. Re2 Bd7 21. Rfe1 Rae8 22. Bxf6 Qxf6 23. Nd4 Rxe2 24. Rxe2 a6 25. Kh2 Nb7 26. Ne6 Rc8 27. Re3 Nf7 28. Ne2 Kh8 29. N2d4 Nbd8 30. Nf8 Nh6 31. Nxd7 Qf7 32. Qe2 Ng8 33. Ne6 Nxe6 34. dxe6 Qg7 35. Qd3 a5 36. Qc3 Qxc3 37. Rxc3 Kg7 38. Kg1 Re8 39. Re3 Ne7 40. Kf2 Rg8 41. a3 Re8 42. b4 axb4 43. axb4 h6 44. Ra3 Ng8 45. Bd5 Ne7 46. Ra7 c6 47. Bf3 b5 48. cxb5 cxb5 49. Nb6 Kf8 50. Nd5 Nxd5 51. Bxd5 Rc8 52. Ra8 Rxa8 53. Bxa8 Ke7 54. Bd5 Kf6 55. Ke3 Ke7 56. Kd4 Kd8 57. Bc6 Ke7 58. Kd5 g5 59. Bxb5 gxf4 60. gxf4 h5 61. h4 Kd8 62. Kxd6 Kc8 63. e7 Kb7 64. e8Q Ka7 65. Qd7+ Kb8 66. Qc7+ 1-0

[Event "BRA Bahia Region"]
[Site "Salvador"]
[Date "2013.05.05"]
[Round "9"]
[White "De Sousa, Leonardo Santos"]
[Black "Fiaes, Mario Henrique"]
[Result "0-1"]
[WhiteElo "100"]
[BlackElo "2038"]
[PlyCount "123"]
[EventDate "2013.04.27"]
[EventType "swiss"]
[EventRounds "9"]
[EventCountry "BRA"]
[SourceTitle "EXT 2022"]
[Source "ChessBase"]
[SourceDate "2021.10.06"]
[SourceVersion "1"]
[SourceVersionDate "2021.10.06"]
[SourceQuality "1"]

1. Nf3 Nf6 2. c4 e6 3. Nc3 d5 4. d4 Be7 5. e3 0-0 6. cxd5 exd5 7. Be2 Bd6 8. 0-0 c6 9. Bd2 Bg4 10. Rc1 Nbd7 11. h3 Bh5 12. Ne1 Bxe2 13. Qxe2 Re8 14. Nd3 Nf8 15. Rfd1 Ng6 16. g3 Qd7 17. Qf1 Qf5 18. Be1 Re7 19. b4 Ne4 20. Nxe4 Qxe4 21. Nc5 Qf3 22. Qg2 Qe2 23. Rd2 Qh5 24. a4 a6 25. Rdc2 Rae8 26. Qf1 f5 27. Bd2 Nh8 28. Kg2 Nf7 29. Qd1 Qg6 30. h4 Bb8 31. Qf3 Nd6 32. Nd3 Nc4 33. Ra2 Bd6 34. b5 a5 35. Rd1 Qf7 36. Nb2 cxb5 37. axb5 b6 38. Na4 Rc7 39. Be1 Rd8 40. Rb1 Qe6 41. Rb3 Be7 42. Bd2 Rdc8 43. Be1 Bd8 44. Nc3 Rd7 45. Ne2 Bc7 46. Nc3 Bb8 47. Na4 Bd6 48. Ra1 Rf8 49. Rc1 Rc8 50. Ra1 Be7 51. Bc3 Rb7 52. Be1 Nd6 53. Rc3 Ne4 54. Rxc8+ Qxc8 55. Qd1 Qe6 56. Rc1 Nd6 57. Rc6 Qe4+ 58. Qf3 Nxb5 59. Qxe4 dxe4 60. Rxb6 Rxb6 61. Nxb6 Bb4 62. Kf1 0-1

[Event "BRA Bahia Region"]
[Site "Salvador"]
[Date "2013.05.04"]
[Round "7"]
[White "Lopes, Adan Cerqueira"]
[Black "De Sousa, Leonardo Santos"]
[Result "1-0"]
[WhiteElo "1977"]
[BlackElo "100"]
[PlyCount "91"]
[EventDate "2013.04.27"]
[EventType "swiss"]
[EventRounds "9"]
[EventCountry "BRA"]
[SourceTitle "EXT 2022"]
[Source "ChessBase"]
[SourceDate "2021.10.06"]
[SourceVersion "1"]
[SourceVersionDate "2021.10.06"]
[SourceQuality "1"]

1. e4 c6 2. d4 d5 3. exd5 cxd5 4. Bd3 Nf6 5. h3 e6 6. Nf3 Nbd7 7. 0-0 a6 8. Bf4 b5 9. Nbd2 Be7 10. a4 b4 11. a5 Bb7 12. Re1 0-0 13. Ne5 Re8 14. g4 Nxe5 15. Bxe5 Nd7 16. Bg3 Nb8 17. Nb3 Nc6 18. f4 Qc7 19. Qf3 Bd6 20. h4 Nb8 21. Re2 Nd7 22. g5 g6 23. h5 Kg7 24. Rh2 Rh8 25. Kf2 Bc6 26. Rh4 Qb8 27. Rah1 Nf8 28. R1h2 Qc7 29. Nc5 Bb5 30. Nb3 Bxd3 31. Qxd3 Nd7 32. Kf3 Qc6 33. Qf1 Nf8 34. Qe1 Qc7 35. Nc5 Ra7 36. Qxb4 Nd7 37. hxg6 Nxc5 38. Rxh7+ Rxh7 39. gxh7 Ra8 40. dxc5 Bxc5 41. Qc3+ d4 42. Qd3 Qc6+ 43. Qe4 Qxe4+ 44. Kxe4 Rh8 45. Bf2 Rd8 46. h8Q+ 1-0

[Event "BRA Bahia Region"]
[Site "Salvador"]
[Date "2013.04.28"]
[Round "3.8"]
[White "Barreto, Jorge Eduardo Q"]
[Black "De Sousa, Leonardo Santos"]
[Result "0-1"]
[WhiteElo "1925"]
[BlackElo "100"]
[PlyCount "138"]
[EventDate "2013.04.27"]
[EventType "swiss"]
[EventRounds "9"]
[EventCountry "BRA"]
[SourceTitle "EXT 2022"]
[Source "ChessBase"]
[SourceDate "2021.10.06"]
[SourceVersion "1"]
[SourceVersionDate "2021.10.06"]
[SourceQuality "1"]

1. e4 c6 2. d4 d5 3. Nc3 dxe4 4. Nxe4 Nd7 5. Ng5 Ngf6 6. Bd3 e6 7. N1f3 Bd6 8. 0-0 0-0 9. Qe2 Qc7 10. c4 c5 11. dxc5 Nxc5 12. Nxh7 Nxh7 13. Bxh7+ Kxh7 14. Ng5+ Kg8 15. Qh5 Re8 16. Qh7+ Kf8 17. Qh8+ Ke7 18. Qxg7 Rf8 19. Nh7 Nd7 20. Nxf8 Nxf8 21. Bg5+ Ke8 22. h4 Be5 23. Bf6 Bxf6 24. Qxf6 Qe7 25. Qh8 Bd7 26. Rad1 f6 27. Rd2 Qf7 28. Rfd1 Rd8 29. h5 Ke7 30. h6 Re8 31. Qg7 Bc6 32. b4 Ba4 33. Re1 Qxg7 34. hxg7 Nd7 35. Re3 Rg8 36. Ra3 b5 37. cxb5 Nb6 38. Rc3 Nd5 39. Rc5 Rxg7 40. a3 Kd7 41. Rd4 Kd6 42. Rdc4 Rb7 43. Rc6+ Kd7 44. Re4 Nc7 45. Rd4+ Kc8 46. Rh4 Bxb5 47. Rd6 Rb6 48. Rxb6 axb6 49. Rh7 f5 50. f3 f4 51. Rf7 Nd5 52. Kf2 Bd7 53. g3 fxg3+ 54. Kxg3 Kc7 55. f4 Kd6 56. Kf3 b5 57. Rh7 Nb6 58. Rh8 Nc4 59. Ke4 Nxa3 60. Kd4 Nc2+ 61. Kc3 Ne3 62. Rh4 Nd5+ 63. Kb3 Ne7 64. Kc3 Bc6 65. Rg4 Nf5 66. Rg8 Ne3 67. Rd8+ Bd7 68. Rf8 Ke7 69. Ra8 Nd5+ 0-1

[Event "BRA Bahia Region"]
[Site "Salvador"]
[Date "2013.04.27"]
[Round "2.15"]
[White "De Sousa, Leonardo Santos"]
[Black "Costa, Rogerio de Souza"]
[Result "1-0"]
[WhiteElo "100"]
[BlackElo "1699"]
[PlyCount "53"]
[EventDate "2013.04.27"]
[EventType "swiss"]
[EventRounds "9"]
[EventCountry "BRA"]
[SourceTitle "EXT 2022"]
[Source "ChessBase"]
[SourceDate "2021.10.06"]
[SourceVersion "1"]
[SourceVersionDate "2021.10.06"]
[SourceQuality "1"]

1. Nf3 d5 2. d4 e6 3. c4 Nf6 4. Nc3 c6 5. e3 Nbd7 6. Bd3 Bd6 7. 0-0 0-0 8. e4 dxe4 9. Nxe4 Nxe4 10. Bxe4 Nf6 11. Bc2 Re8 12. b3 Qc7 13. Bb2 e5 14. dxe5 Bxe5 15. Bxe5 Qe7 16. Bxf6 Qxf6 17. Qd4 Qe7 18. Rfe1 Be6 19. Bf5 Rad8 20. Qxa7 Qf6 21. Bxe6 Rxe6 22. Rxe6 fxe6 23. Re1 Qc3 24. h3 Rf8 25. Qe3 Qb4 26. Qxe6+ Kh8 27. Qe7 1-0

[Event "BRA Bahia Region"]
[Site "Salvador"]
[Date "2013.04.??"]
[Round "6"]
[White "De Sousa, Leonardo Santos"]
[Black "Andrade, Francisco Antonio D"]
[Result "1-0"]
[WhiteElo "100"]
[BlackElo "1948"]
[PlyCount "117"]
[EventDate "2013.04.27"]
[EventType "swiss"]
[EventRounds "9"]
[EventCountry "BRA"]
[SourceTitle "EXT 2022"]
[Source "ChessBase"]
[SourceDate "2021.10.06"]
[SourceVersion "1"]
[SourceVersionDate "2021.10.06"]
[SourceQuality "1"]

1. Nf3 Nf6 2. c4 e6 3. Nc3 Be7 4. d4 d5 5. cxd5 exd5 6. e3 0-0 7. Be2 Bf5 8. 0-0 Nbd7 9. b3 c5 10. Bb2 cxd4 11. Nxd4 Bg6 12. Bd3 Rc8 13. Bxg6 hxg6 14. Rc1 a6 15. Nde2 Nb6 16. Qd3 Bb4 17. a3 Bxc3 18. Bxc3 Qd7 19. Rfd1 Qe6 20. Nf4 Qe4 21. Qd4 Qxd4 22. Bxd4 Rxc1 23. Rxc1 Nfd7 24. Rc7 Rb8 25. Nxd5 Nxd5 26. Rxd7 Nf6 27. Rc7 Ne8 28. Rc2 Rd8 29. Kf1 f6 30. Ke2 Kf7 31. Bb6 Rd6 32. Bc5 Rc6 33. Kd1 b6 34. Bd4 Rd6 35. Rc8 f5 36. Rb8 b5 37. Rb6 g5 38. Ke2 Rxb6 39. Bxb6 Nf6 40. f3 g6 41. Kd3 Nd5 42. Bd8 g4 43. fxg4 fxg4 44. Ba5 Ke6 45. Bc3 Kd6 46. g3 Ke6 47. e4 Ne7 48. Kd4 Nc6+ 49. Kc5 Ne5 50. Bxe5 Kxe5 51. Kb6 Kxe4 52. Kxa6 Kf3 53. Kxb5 Kg2 54. a4 Kxh2 55. a5 Kxg3 56. a6 Kf2 57. a7 g3 58. a8Q g2 59. Qa2+ 1-0